Every 100,000+ city in China: Hebei - Statistics

General Stats
  • This quiz has been taken 3 times
  • The average score is 37 of 122
Answer Stats
Letter Population City % Correct
H 2,117,099 Handan
100%
B 4,807,041 Baoding
67%
L 1,188,075 Langfang
67%
S 7,618,909 Shijiazhuang
67%
T 103,402 Tang
67%
T 6,510,790 Tangshan
67%
Z 2,292,830 Zhangjiakou
67%
A 215,404 Anguo
33%
A 142,107 Anping
33%
B 253,050 Baigou
33%
B 283,058 Botou
33%
C 1,627,063 Cangzhou
33%
C 205,439 Changli
33%
C 1,107,724 Chengde
33%
C 130,557 Ci
33%
D 110,296 Daming
33%
D 311,494 Dingzhou
33%
F 128,301 Fengfeng
33%
F 115,093 Fengning
33%
F 1,066,021 Fengrun
33%
F 140,091 Fucheng
33%
F 251,010 Funing
33%
G 486,035 Gaobeidian
33%
G 143,056 Gaocheng
33%
G 123,630 Gaoyi
33%
G 217,303 Gu'an
33%
G 105,357 Guangping
33%
G 831,059 Guye
33%
G 100,488 Guyuan
33%
H 159,114 Hejian
33%
H 1,092,155 Hengshui
33%
H 109,566 Huaian
33%
H 155,403 Huailai
33%
H 245,010 Huanghua
33%
J 131,665 Jing
33%
J 135,040 Jingxing
33%
J 202,935 Jinzhou
33%
J 148,998 Jizhou
33%
J 109,188 Julu
33%
L 102,834 Laishui
33%
L 110,856 Laiyuan
33%
L 183,402 Laoting
33%
L 179,306 Li
33%
L 116,343 Lincheng
33%
L 107,811 Lingshou
33%
L 102,500 Linxi
33%
L 119,450 Linzhang
33%
L 117,950 Longhua
33%
L 125,009 Longyao
33%
L 219,052 Lu'An
33%
L 105,751 Luancheng
33%
L 222,473 Luannan
33%
L 104,290 Lulong
33%
N 120,512 Nangong
33%
N 103,775 Nanpi
33%
N 168,018 Neiqiu
33%
N 263,022 Ningjin
33%
P 403,015 Pingquan
33%
P 124,099 Pingshan
33%
P 114,650 Pingxiang
33%
Q 411,260 Qian'An
33%
Q 256,024 Qianxi
33%
Q 137,901 Qing
33%
Q 210,906 Qinghe
33%
Q 193,402 Qinglong
33%
Q 2,402,562 Qinhuangdao
33%
Q 106,615 Quyang
33%
Q 113,631 Quzhou
33%
R 122,036 Ren
33%
R 305,920 Renqiu
33%
S 208,895 Shahe
33%
S 226,043 She
33%
S 117,432 Shenze
33%
S 127,025 Shenzhou
33%
S 138,056 Shunping
33%
S 106,810 Suning
33%
W 118,449 Wangdu
33%
W 101,522 | 133,005 Wei
33%
W 413,397 Wu'an
33%
W 111,740 Wuyi
33%
X 129,005 Xian
33%
X 1,282,505 Xingtai
33%
X 101,077 Xingtang
33%
X 103,080 Xinhe
33%
X 270,636 Xinji
33%
X 112,476 Xinle
33%
X 129,731 Xiong
33%
X 537,629 Xuanhua
33%
X 231,097 Xushui
33%
Y 111,004 Yahongqiao
33%
Y 147,508 Yangyuan
33%
Y 108,442 Yanshan
33%
Y 389,465 Yongnian
33%
Y 220,089 Yu
33%
Y 101,926 Yuanshi
33%
Y 172,133 Yutian
33%
Z 107,080 Zaoqiang
33%
Z 112,170 Zhangbei
33%
Z 104,934 Zhao
33%
Z 409,557 Zhuozhou
33%
Z 347,143 Zunhua
33%
B 196,750 Bazhou
0%
D 452,393 Datancun
0%
D 161,223 Dingxing
0%
G 166,013 Gaoyang
0%
J 212,415 Juyang
0%
K 209,210 Kuancheng
0%
L 163,400 Luanping
0%
S 422,069 Shengfang
0%
S 359,995 Shuangluan
0%
S 229,110 Shuyang
0%
W 100,966 Wangtan
0%
W 191,204 Wanquan
0%
W 130,042 Weichang
0%
W 106,190 Wuqiang
0%
X 189,091 Xiabancheng
0%
X 186,011 Xinglong
0%
Y 602,009 Yanjiao
0%
Y 108,121 Yi
0%
Y 115,908 Yingshouyingzi
0%
Z 233,709 Zuogezhuang
0%
No matching quizzes found
Score Distribution
Percent of People with Each Score
Percentile by Number Answered
Your Score History
You have not taken this quiz